Osobitosti vývoja sektorovej štruktúry na Slovensku po roku 1989
Odvetvová klasifikácia ekonomických aktivít na Slovensku. Vývoj sektorovej štruktúry ekonomiky na Slovensku po roku 1989. Vývoj zmien sektorovej zamestnanosti na Slovensku v rokoch 1994-2008. Regionálne diferencie v štruktúre zamestnanosti na Slovensku. Osobitosti sektorovej štruktúry v regiónoch Sl...
Saved in:
| Main Author: | |
|---|---|
| Other Authors: | |
| Format: | Book Chapter |
| Language: | Slovak |
| Subjects: | |
| Tags: |
No Tags, Be the first to tag this record!
|
MARC
| LEADER | 00000naa a2200000 4500 | ||
|---|---|---|---|
| 001 | 0117678 | ||
| 005 | 20231102101715.8 | ||
| 041 | 0 | |a slo | |
| 044 | |a SK | ||
| 245 | 1 | 0 | |a Osobitosti vývoja sektorovej štruktúry na Slovensku po roku 1989 |c Jaroslav Rusnák, Silvia Bystrická |
| 520 | |a Odvetvová klasifikácia ekonomických aktivít na Slovensku. Vývoj sektorovej štruktúry ekonomiky na Slovensku po roku 1989. Vývoj zmien sektorovej zamestnanosti na Slovensku v rokoch 1994-2008. Regionálne diferencie v štruktúre zamestnanosti na Slovensku. Osobitosti sektorovej štruktúry v regiónoch Slovenska. | ||
| 610 | 2 | 0 | |a sektory hospodárske |
| 610 | 2 | 0 | |a štruktúra ekonomiky odvetvová |
| 610 | 2 | 0 | |a zamestnanosť |
| 610 | 2 | 0 | |a regióny |
| 610 | 2 | 0 | |a Slovensko |
| 100 | 1 | |a Rusnák, Jaroslav | |
| 700 | 1 | |a Bystrická, Silvia | |